000 00442nam a2200181Ia 4500
001 23923
005 20260414151009.0
008 260414t2024||||xx |||||||||||||| ||spa||
041 _aESP
082 _a720.9854
_bM36A
100 _aMedina Sánchez, Tatiana,
_eAUT
245 0 _aGuía de arquitectura de Arequipa
_b
260 _c2024
300 _a280 páginas :
_c21 cm.
650 _aABD
654 _aCAU
942 _cLIB
_dJUS
_fJUS
_2ddc
_n
999 _c23923
_d23923